| 000 | 00426nam a22001577a 4500 | ||
|---|---|---|---|
| 003 | MPLRDC | ||
| 005 | 20220104143820.0 | ||
| 008 | 210129b ||||| |||| 00| 0 eng d | ||
| 082 | _a220.7 XYDS-11* | ||
| 100 | _a森下大圆 著; 星云大师 译 | ||
| 245 |
_a观世音菩萨普门品讲话. 简体版 _c |
||
| 260 |
_a _b国际佛光会马来西亚协会 _c |
||
| 300 | _b平 | ||
| 650 | _a | ||
| 942 |
_cBK _o220.7 XYDS-11* |
||
| 999 |
_c43608 _d43598 |
||